[Event "1. Klasse Süd"]
[Site "?"]
[Date "2000.11.18"]
[Round "4"]
[White "Luksch , Franz"]
[Black "Grundner, Alois"]
[Result "1/2-1/2"]
[WhiteElo "1800"]
[BlackElo "1873"]
[PlyCount "80"]

1. Nf3 d5 {Opening = D04 - Damenbauernspiele /Queen Pawn's Opening} 2. d4 Nf6
3. e3 Bg4 4. Be2 e6 5. Nbd2 Bd6 6. c4 c6 7. h3 Bh5 8. a3 {Deckt b4} a5 9. O-O
O-O 10. Re1 Nbd7 11. Qb3 b6 12. Bd3 e5 13. dxe5 Nxe5 14. Nxe5 Bxe5 15. cxd5
cxd5 ({Schwächer scheint} 15... Nxd5 16. Qc2 Kh8 17. Bxh7 $14) 16. e4 Bd4 $11 (
16... Re8 $5 $15) 17. exd5 Qxd5 ({Nachteilig ist} 17... Nxd5 18. Bxh7+ $1 {
überläßt Weiß die besseren Chancen} Kxh7 19. Qd3+ Kg8 20. Qxd4 $16) 18. Qxd5
Nxd5 19. Nb3 Bf6 20. Rb1 (20. Bc4 Ne7 $11) 20... a4 21. Nd2 Nf4 22. Bb5 Ra5 23.
Bf1 Bg6 24. Ne4 Be5 25. Bc4 $11 (25. Bxf4 $5 Bxf4 26. Rbd1 $11) 25... Rc8 26.
Bf1 Rd5 (26... Ne6 27. Bd2 Raa8 28. Bb4 $15) 27. f3 $15 {Befestigt e4} (27.
Bxf4 $5 Bxf4 28. Nc3 $11) 27... h6 {Stärkt g5} 28. b3 b5 $11 (28... axb3 $5 29.
Rxb3 Bxe4 30. fxe4 Ra5 $11) 29. bxa4 bxa4 30. Rb4 Ra5 $14 (30... Bxe4 31. Bxf4
Bxf4 32. Rbxe4 $14) 31. Bxf4 Bxf4 32. Nf6+ gxf6 33. Rxf4 Kg7 34. Re3 Rc2 35.
Rb4 Ra2 36. f4 Ra1 37. Kf2 h5 38. Bb5 {[%cal Rb4a4,Rb5a4,Ga5a4] Ist der
Isolani a4 schwach?} Ra7 $18 (38... Ra2+ $5 39. Kg1 Bc2 $16) 39. g4 $14 (39.
Rxa4 $142 $5 Rxa4 40. Bxa4 $18) 39... hxg4 40. hxg4 Bc2 1/2-1/2

[Event "LMM, 1.Klasse"]
[Site "?"]
[Date "2000.11.24"]
[Round "5"]
[White "Fraissl, Reinhard"]
[Black "Grundner, Alois"]
[Result "1/2-1/2"]
[WhiteElo "1600"]
[BlackElo "1870"]
[PlyCount "61"]

1. d4 Nf6 {Opening = A45_05 Damenbauerspiele 2.Bg5 / Queen's Pawn 2.Bg5} 2. Bg5
Ne4 3. Bf4 d5 4. f3 {Verwehrt dem Gegner g4} Nd6 5. e3 e6 6. Bd3 Be7 7. Ne2 Nd7
8. O-O c5 9. c3 O-O 10. dxc5 Nxc5 11. Bc2 b6 12. Nd2 $11 (12. b4 Ncb7 $14)
12... Ba6 13. Nb3 Rc8 14. Nxc5 bxc5 15. Bd3 Nc4 16. Bxc4 $15 (16. Qc1 $5 Qa5
17. b3 $11) 16... Bxc4 17. b3 Ba6 18. Re1 Bf6 19. Rc1 Qa5 20. Qc2 Rfd8 21. Ng3
$19 (21. Bg3 $142 $5 $17) 21... e5 22. Nh5 exf4 23. Nxf6+ gxf6 24. exf4 d4 25.
Qf5 Qb6 (25... Qxa2 26. Ra1 Qxb3 27. Qg4+ Kf8 28. Qf5 $19) 26. Re7 (26. Kh1 Qd6
$19) 26... d3 $4 $11 {danach wendet sich das Blatt} (26... c4 $142 {mit klarem
Vorteil für Schwarz} 27. Qh5 Rf8 28. Qg4+ Kh8 $19) 27. c4 $4 $19 {vergibt den
Vorteil} (27. Rxf7 $142 $1 {ist noch spielbar} c4+ 28. Kh1 Kxf7 29. Re1 $11)
27... Qd6 28. Rxf7 {Droht Matt: Dxh7} Qd4+ 29. Kh1 $4 $19 {danach kann Weiß
alle Träume begraben} (29. Kf1 $142 {nur damit konnte man noch auf Rettung
hoffen} Kxf7 30. Re1 $11) 29... Kxf7 30. Qxh7+ Kf8 $11 (30... Ke6 31. Re1+ Kd6
32. Qe7+ Kc6 33. Qxa7 Bb7 34. Qa4+ Kc7 35. Qa5+ Kb8 $19) 31. Re1 1/2-1/2

[Event "LMM, 1.Klasse"]
[Site "?"]
[Date "2000.12.01"]
[Round "6"]
[White "Grundner, Alois"]
[Black "Berti, Rudolf"]
[Result "1-0"]
[WhiteElo "1870"]
[BlackElo "1800"]
[PlyCount "89"]

1. d4 Nf6 {Opening = E77 - Königsindisch-Vierbauern Variante /King's
Indian-Four Pawn's V} 2. c4 g6 3. Nc3 Bg7 4. e4 d6 5. Be2 O-O 6. f4 e5 7. fxe5
{Raumvorteil} dxe5 8. d5 {Weiß gewinnt Raum} h6 {Stärkt g5} 9. Nf3 Qe7 10. O-O
Bg4 11. Be3 Nbd7 12. Qc2 Nh5 13. Qd2 Nf4 14. Bxf4 exf4 15. Qxf4 Bxf3 16. gxf3
$11 (16. Rxf3 Qc5+ 17. Kh1 Ne5 $14) 16... Qc5+ 17. Kh1 Ne5 18. Rac1 f5 19. Qg3
f4 {Vom Freibauern e4 wird noch die Rede sein} 20. Qf2 Qb4 21. Nb5 {[%cal
Yc4c5] Jetzt hängt c5 in der Luft} Rf7 22. Rc2 ({Schlechter ist} 22. Nxa7 c6
$15 (22... Qxb2 $143 23. Rb1 Qxa2 24. Rxb7 $14)) 22... Bf8 23. Qd4 (23. Nxa7 {
ist sichtlich schlechter} Bc5 24. Qe1 Qxe1 25. Rxe1 Rxa7 $19) 23... Re8 24. c5
(24. Nxa7 {bringt nichts} Bc5 25. Qc3 Qxc3 26. Rxc3 Bxa7 $17) (24. Qxa7 $6 Bc5
25. Qa3 Qxa3 26. Nxa3 Rd7 $16) 24... Qa5 25. b4 Qa4 26. Rb2 a6 27. Nc3 Qd7 28.
Rd2 Bg7 29. Qg1 Kh7 30. Rc2 g5 31. a4 c6 {Überdeckt b5} 32. d6 {d6 wird ein
starker Freibauer werden} Re6 33. b5 axb5 34. axb5 Rg6 {[%cal Yg5g4] Will g4
spielen} 35. b6 $11 (35. Qg2 $5 $16) 35... h5 $16 {[%cal Yg5g4] Schwarz plant
g4} (35... g4 $5 {muß unbedingt geprüft werden} 36. fxg4 f3 $11) 36. Bd1 $14 (
36. Qf2 Qh3 $16) 36... Nc4 37. Re1 g4 {Schwarz engt den Gegner ein} 38. e5 g3
$2 $16 (38... Ne3 $142 $5 {und Schwarz kann noch kämpfen} 39. fxg4 Bxe5 $11)
39. Rg2 $14 (39. e6 Rxe6 40. Rxe6 Qxe6 $14) 39... Kh6 $18 (39... Bxe5 $5 {
steht zur Diskussion} 40. Re4 Rfg7 $14 (40... Bxc3 $2 {ist nur auf den ersten
Blick gut} 41. Rxc4 Be5 42. Bc2 $18)) 40. hxg3 $11 (40. Bb3 $142 $5 Nxe5 41.
Bxf7 Qxf7 42. Re4 $18 (42. hxg3 $143 Nxf3 43. Qf2 fxg3 44. Qe3+ Kh7 $15)) 40...
Qh3+ $4 $18 (40... Bxe5 41. Re4 Qh3+ 42. Qh2 Qxh2+ 43. Rxh2 fxg3 $16) 41. Rh2
Qxg3 42. Qxg3 {Es droht Matt} fxg3 (42... Rxg3 $4 43. e6 Bxc3 44. exf7 $18) 43.
e6 Rxe6 (43... gxh2 44. exf7 Nxd6 45. cxd6 Rxd6 46. Kxh2 Bf8 $18) 44. Rxe6+ Rf6
(44... Bf6 {kann das Vorangegangene nicht ungeschehen machen} 45. Ne4 gxh2 46.
Nxf6 $18) 45. Rhe2 (45. Rhe2 Rg6 46. Rxg6+ Kxg6 47. Bc2+ Kf7 48. Re7+ Kf8 49.
Rxg7 Kxg7 50. d7 g2+ 51. Kxg2 Ne3+ 52. Kh3 Nxc2 53. d8=Q Nb4 54. Kh4 Nd3 55.
Qe7+ Kg6 56. Ne4 Ne5 57. Qf6+ Kh7 58. Ng5+ Kg8 59. Ne6 Nxf3+ 60. Kxh5 Kh7 61.
Qg7#) 1-0

[Event "1. Klasse Süd"]
[Site "?"]
[Date "2000.12.02"]
[Round "5"]
[White "Grundner, Alois"]
[Black "Eder, Martin"]
[Result "1-0"]
[WhiteElo "1870"]
[BlackElo "1640"]
[PlyCount "41"]

1. d4 d5 {Opening = D31 - Damengambit-Halbslawisch /Queen's Gambit-Semi Slav}
2. c4 e6 3. Nc3 Bb4 4. e3 Nf6 5. Qc2 O-O 6. Nf3 b6 7. cxd5 exd5 8. Bd3 Bg4 $14
(8... Ba6 9. Bf5 $11) 9. Ne5 h6 10. O-O c5 11. Nxd5 $15 (11. e4 $5 {ist zu
erwägen} Bc8 12. Nxd5 Nxd5 13. exd5 cxd4 14. Qc4 $14) 11... Qxd5 12. Nxg4 {
Weiß führt die Partie kraftvoll zu Ende} Nxg4 13. Be4 Qd6 {Mit der Mattdrohung
Dxh2} 14. g3 Nd7 $16 (14... Nc6 $142 $5 {ist interessant} 15. a3 Rac8 $14) 15.
Bxa8 Rxa8 (15... Nxh2 16. Kxh2 Rxa8 17. Rd1 $18) 16. Qe4 Rc8 17. Qxg4 Qe6 (
17... Rd8 18. Rd1 Nf6 19. Qf3 $18) 18. Qxe6 fxe6 19. a3 Ba5 20. dxc5 bxc5 21.
Rd1 (21. Rd1 Rd8 22. b3 $18) 1-0

[Event "LMM, 1.Klasse"]
[Site "?"]
[Date "2000.12.15"]
[Round "7"]
[White "Grundner, Alois"]
[Black "Mooslechner, Peter"]
[Result "1-0"]
[WhiteElo "1870"]
[BlackElo "1960"]
[PlyCount "81"]

1. d4 Nf6 {Opening = D60 - Damengambit-Hauptvariante /Queen's Gambit-main line}
2. Nf3 d5 3. c4 c6 4. Nc3 (4. e3 e6 $11) 4... e6 5. Bg5 Be7 6. e3 Nbd7 7. Bd3
O-O 8. O-O dxc4 9. Bxc4 Nd5 10. Bxe7 Qxe7 11. e4 N5b6 12. Bb3 Rd8 13. Qe2 Nf8
14. Rad1 Ng6 15. Qe3 Nd7 16. Rd2 Nf6 17. h3 {Stärkt g4} b6 18. Rfd1 Bb7 19. Ne1
Qc7 20. Nd3 Nh5 $16 (20... Rd7 $142 $5 $14 {ist bedenkenswert}) 21. e5 c5 22.
dxc5 Rxd3 $2 (22... Qc6 23. Qg5 h6 $16) 23. Rxd3 ({Schwächer ist} 23. Qxd3 Nhf4
24. cxb6 axb6 $18) 23... Nhf4 (23... Qc6 24. f3 Qxc5 25. Qxc5 bxc5 26. Rd8+
Rxd8 27. Rxd8+ Nf8 28. Rb8 $18) 24. cxb6 (24. Rd7 $5 {damit würde Weiß es sich
noch erleichtern} Qc8 25. cxb6 Nxg2 $18) 24... axb6 (24... Qxb6 25. Rd7 Bxg2
$18) 25. Rd7 Qc6 {Mit der Mattdrohung Dxg2} 26. Rd8+ (26. f3 $5 {läßt dem
Gegner kaum Chancen} Nf8 27. R1d6 Qc8 28. Rxb7 Nxh3+ 29. gxh3 Qxb7 30. Rxb6 Qa7
$18) 26... Nf8 27. f3 Rxd8 28. Rxd8 (28. Qxf4 $6 {ist schnell zu verwerfen}
Qc5+ 29. Kh1 Rxd1+ 30. Nxd1 h6 $14) 28... g5 (28... N4g6 {wäre gleichermaßen
fruchtlos} 29. Bc2 Qc7 30. Rd6 $18) 29. Rd6 (29. Ne4 $142 $5 {und Weiß hätte
es noch leichter} h6 $18) 29... Qc8 (29... Qc5 {ändert den traurigen Lauf der
Dinge nicht} 30. Qxc5 bxc5 31. Bc2 $18) 30. Qxb6 Nd7 31. Qb5 Nc5 32. Bc2 Na6 (
32... Kg7 {holt die Kuh nicht vom Eis} 33. a4 $18) 33. Qb6 (33. g3 $5 {
erleichterte Weiß die Gewinnführung} Qc5+ 34. Qxc5 Nxh3+ (34... Nxc5 $4 35.
gxf4 Bxf3 36. b4 $18) 35. Kg2 Nxc5 36. Kxh3 Bxf3 $18) 33... Nc7 34. Nb5 Nfd5
35. Qc5 Kg7 (35... Nxb5 {ist der letzte Rettungsanker} 36. Qxc8+ $1 {
triumphiert} Bxc8 37. Rd8+ Kg7 38. Rxc8 Nd4 $18) 36. Nxc7 Nxc7 37. Qe3 h6 38.
Qd3 Ne8 39. Rd7 (39. Qh7+ $5 {ist genauer} Kf8 40. Qxh6+ Ke7 41. Qxg5+ f6 42.
exf6+ Kxd6 43. Qf4+ Kd7 $18) 39... Kf8 (39... Be4 {bot noch bessere
Widerstandsmöglichkeiten} 40. fxe4 Qc5+ 41. Rd4 Qxe5 $18) 40. Kh1 (40. Qa3+
$142 {ließe Schwarz keine Chance} Kg7 41. Qe7 Qxd7 42. Qxd7 $18) 40... Bd5 (
40... Bxf3 {ist der letzte Strohhalm} 41. gxf3 Qc6 $18) 41. Qa3+ (41. Qa3+ Kg7
42. Qe7 Qxd7 43. Qxd7 $18) 1-0

[Event "1.Kl. Süd"]
[Site "?"]
[Date "2001.01.13"]
[Round "6"]
[White "Gruber, Alois"]
[Black "Grundner, Alois"]
[Result "0-1"]
[WhiteElo "1660"]
[BlackElo "1870"]
[PlyCount "42"]
[EventDate "2001.??.??"]

1. d4 Nf6 {Opening = A45 - Damenbauernspiele-Trompowski Var /Queen's
Pawn-Trompowski Var} 2. Nd2 d5 3. e3 Bf5 4. c4 e6 5. Ngf3 h6 {Befestigt g5} 6.
a3 {Kontrolliert b4} c6 7. cxd5 exd5 (7... Nxd5 $2 8. e4 $18) 8. Be2 Bd6 9. b4
O-O 10. Bb2 Nbd7 11. O-O Re8 12. Re1 Ne4 13. Rc1 Ndf6 14. Nf1 $2 $19 (14. Nxe4
$142 {und Weiß spielt mit} Nxe4 15. Bd3 $15) 14... Ng4 15. Qb3 Ngxf2 16. Ng3 (
16. b5 Qf6 17. g3 Bg4 $19) 16... Nxg3 (16... Bxg3 {gibt noch größeren Vorteil}
17. hxg3 Qd6 18. Ne5 $19) 17. Kxf2 Nxe2 18. Rxe2 Qf6 19. Kg1 Qg6 20. Rf1 $2 (
20. Rf2 $142 Bd3 21. Ne5 Bxe5 22. dxe5 $19) 20... Bd3 21. Nh4 (21. Rff2 {holt
die Kuh nicht vom Eis} Bxe2 22. Rxe2 a6 $19) 21... Qe4 (21... Qe4 22. Nf5 Bxh2+
23. Kxh2 Bxe2 $19) (21... Bxe2 $6 {wäre weniger gut} 22. Nxg6 Bxf1 23. Ne5 $19)
0-1

[Event "1.Kl. Süd"]
[Site "?"]
[Date "2001.01.27"]
[Round "7"]
[White "Grundner, Alois"]
[Black "Schönauer, Josef"]
[Result "1-0"]
[WhiteElo "1890"]
[BlackElo "1640"]
[PlyCount "69"]
[EventDate "2001.??.??"]

1. d4 d5 {Opening = D15 - Damengambit-Slawische Verteidigung /Queen's
Gambit-Slav Defen} 2. c4 c6 3. Nf3 Nf6 4. Nc3 (4. e3 e6 $11) 4... Bf5 $14 (4...
dxc4 $5 {ist nicht von der Hand zu weisen} 5. Bg5 b5 $15) 5. e3 $11 (5. cxd5
Nxd5 6. Qb3 Qb6 $11) 5... Bg4 6. Be2 Bxf3 7. Bxf3 dxc4 8. Qa4 b5 9. Nxb5 cxb5
10. Qxb5+ Nbd7 11. Bxa8 Qxa8 12. Qxc4 Nb6 $14 (12... e6 13. f3 $11) 13. Qb5+
Nfd7 14. O-O e6 15. Bd2 Be7 16. Rac1 O-O 17. Rc2 Rb8 18. Rfc1 Rb7 19. e4 Qb8
20. a3 Nf6 21. f3 h6 22. Be3 Bf8 23. Qc6 Nbd7 $18 (23... Rd7 24. b4 $16) 24.
Bf4 e5 (24... Qa8 $18) 25. dxe5 Rb6 (25... Nh5 26. e6 Nxf4 27. exd7 Rxb2 28.
Rd1 Rxc2 29. Qxc2 $16) 26. Qa4 $16 (26. Qc7 $142 {mit klarem Vorteil für Weiß}
Nh5 27. Qxb8 (27. Qxd7 Nxf4 28. Rc8 Ne2+ 29. Kf1 Nxc1 30. Rxb8 Rxb8 $18) 27...
Rxb8 28. e6 Nxf4 29. exd7 $18) 26... Nxe5 27. Bxe5 Qxe5 28. Qxa7 $11 (28. b4 $5
$16) 28... Rxb2 29. Rc8 Qg5 {Es droht Matt} 30. R8c2 Qe5 31. Rc8 $15 (31. Rxb2
Qxb2 32. Rc8 Qb1+ 33. Kf2 Qb2+ 34. Kf1 Qa1+ 35. Kf2 Qb2+ 36. Kg1 Qb1+ 37. Kf2
Qb2+ $11) 31... Qb5 $14 (31... Kh7 $5 32. R8c2 Bxa3 33. Rxb2 Bxb2 $15) 32. Qc5
Qe2 $4 (32... Qxc5+ 33. R1xc5 Rb1+ 34. Kf2 Rb2+ 35. Kg3 g6 $16) 33. Rxf8+ Kh7 {
Mit der Mattdrohung Dxg2} 34. Qf5+ g6 35. Rxf7+ $1 {zwingend und schön} (35.
Rxf7+ Kg8 36. Qxg6+ Kh8 37. Qg7#) 1-0

[Event "Lienz Open"]
[Site "?"]
[Date "2001.02.10"]
[Round "1"]
[White "Kastner, Elisabeth"]
[Black "Grundner, Alois"]
[Result "0-1"]
[WhiteElo "1365"]
[BlackElo "1890"]
[Annotator "Fritz 5.00 (15s)"]
[PlyCount "70"]

1. e4 c5 {Opening = B23_07 Sizilianisch Geschl 3.f4 / Sicilian Closed 3.f4} 2.
f4 d6 3. Nf3 Nc6 4. Nc3 g6 5. g3 Bg7 6. Bg2 e6 7. O-O Nge7 8. d3 Nd4 9. Be3
Nec6 10. a3 O-O 11. Rb1 Bd7 12. h3 Qe7 13. Qd2 a5 14. Qf2 Nxf3+ 15. Bxf3 Nd4
16. Bg2 Bc6 17. Na2 a4 18. c3 Nb3 19. Nc1 Na5 20. g4 f5 21. d4 cxd4 22. Bxd4
fxe4 23. Bxg7 Qxg7 24. Qe2 d5 25. Na2 Qd7 26. h4 Bb5 27. Qd2 Nb3 28. Qf2 Bxf1
29. Rxf1 Rf7 30. Rd1 Qd6 31. Qe2 Rxf4 32. Bxe4 Rxe4 33. Qxe4 Qc5+ 34. Qd4 Nxd4
35. cxd4 Qc2 (35... Qc2) 0-1

[Event "Lienz Open"]
[Site "?"]
[Date "2001.02.11"]
[Round "3"]
[White "Steger, Josef"]
[Black "Grundner, Alois"]
[Result "0-1"]
[WhiteElo "1612"]
[BlackElo "1890"]
[Annotator "Grundner,A"]
[PlyCount "75"]

1. e4 c5 2. Nf3 d6 3. d4 cxd4 4. Nxd4 Nf6 5. Nc3 a6 6. Be3 e6 7. Qd2 Be7 8.
O-O-O Qc7 9. f3 Nbd7 10. g4 h6 11. h4 b5 12. g5 hxg5 13. Bxg5 Bb7 14. Bg2 Ne5
15. f4 Nc4 16. Qe2 Rc8 17. f5 {? Td3 oder Dd3} Nxb2 {vorher e5!} 18. Kxb2 {??
Scxb5!} Qxc3+ 19. Kb1 e5 20. Nb3 Nh5 21. Rd3 Qc4 22. Rhh3 Nf6 23. Qd2 Nxe4 24.
Bxe4 Bxe4 25. Rc3 Qf1+ 26. Kb2 Qxf5 27. Rxc8+ Qxc8 28. Rc3 Qd7 29. Qe3 Bxg5 30.
Qxe4 Bxh4 31. Qa8+ Bd8 32. Qxa6 O-O 33. Qa8 Bf6 34. Qe4 d5 35. Nc5 Qc6 36. Qg2
e4 37. Nxe4 dxe4 38. Kb3 {Weiß gab gleichzeitig auf! Dxc3 ist matt!} 0-1

[Event "Lienz Open"]
[Site "?"]
[Date "2001.02.12"]
[Round "4"]
[White "Grundner, Alois"]
[Black "Hafner, Robert"]
[Result "1/2-1/2"]
[WhiteElo "1890"]
[BlackElo "2134"]
[Annotator "Grundner"]
[PlyCount "45"]
[EventDate "2001.??.??"]

1. d4 d5 2. c4 c6 3. Nc3 dxc4 4. a4 Nf6 5. Nf3 Bf5 6. e3 e6 7. Bxc4 Bb4 8. O-O
Nbd7 9. Qe2 O-O 10. Na2 Be7 11. b3 h6 12. Bb2 a5 13. Rfd1 Qb6 14. Nc1 c5 15.
Nd3 Rfd8 16. Nde5 cxd4 17. Nxd7 Nxd7 18. Nxd4 Bg6 19. Nb5 {Weiß bot Remis, was
Schwarz ablehnte.} Nc5 20. Be5 Na6 21. Qg4 Bf8 22. Rac1 Rac8 23. h4 {
Friedensschluss auf Angebot von Schwarz!} 1/2-1/2

[Event "Lienz Open"]
[Site "?"]
[Date "2001.02.14"]
[Round "6"]
[White "Grundner, Alois"]
[Black "Slacik , Johann"]
[Result "1/2-1/2"]
[WhiteElo "1890"]
[BlackElo "1712"]
[Annotator "Fritz 5.00 (15s)"]
[PlyCount "43"]
[EventDate "2001.??.??"]

1. d4 Nf6 {Opening = D06 - Damengambit-seltene Züge /Queen's Gambit-rare moves}
2. c4 d5 3. cxd5 Qxd5 4. Nc3 Qd8 5. e4 e5 6. Nf3 exd4 7. Qxd4 Qxd4 8. Nxd4 Bb4
9. Bd3 Bd7 10. O-O Bxc3 $14 (10... Nc6 11. Nb3 $11) 11. bxc3 Nc6 12. Ba3 Ne5
13. Rad1 Nxd3 14. Rxd3 O-O-O (14... Nxe4 $2 {funktioniert nicht} 15. Re3 f5 16.
f3 $18) 15. Re1 Rhe8 16. Rde3 $17 (16. f3 b6 $15) 16... Be6 17. Nxe6 Rxe6 18.
f3 {Befestigt g4} Rd2 $11 (18... Ra6 19. Be7 Rd7 20. Bxf6 Rxf6 21. R1e2 $15)
19. R3e2 Rxe2 20. Rxe2 Nd5 21. Rc2 {?? c4!} Ne3 22. Re2 1/2-1/2

[Event "Lienz Open"]
[Site "?"]
[Date "2001.02.15"]
[Round "7"]
[White "Csida, Stefan"]
[Black "Grundner, Alois"]
[Result "0-1"]
[WhiteElo "1761"]
[BlackElo "1890"]
[Annotator "Grundner"]
[PlyCount "98"]
[EventDate "2001.??.??"]

1. e4 c5 2. Nf3 d6 3. c4 Nc6 4. d4 cxd4 5. Nxd4 g6 6. Nc3 Bg7 7. Be3 Nf6 8. Be2
O-O 9. O-O a6 10. f3 Bd7 11. Nd5 e6 12. Nxc6 Bxc6 13. Nb6 Rb8 14. Qb3 Qc7 15.
Rad1 Nd7 16. Qb4 Nc5 17. Bxc5 dxc5 18. Qxc5 Rfd8 19. b3 Bf8 20. Qf2 Bxe4 21.
Nd7 Bc2 22. Nf6+ Kg7 23. Rxd8 Rxd8 24. Qh4 Be7 25. Qxh7+ Kxf6 26. g4 Qf4 27.
Kg2 Bd6 28. Kh1 Qxh2+ 29. Qxh2 Bxh2 30. Kxh2 Rd2 31. g5+ Ke7 32. Rf2 Bd1 33.
Kg3 Rxe2 34. Rxe2 Bxe2 35. Kf4 Kd6 36. Ke3 Bd1 37. b4 e5 38. Ke4 Bc2+ 39. Ke3
Ke6 40. f4 e4 41. a4 Kf5 42. a5 Ba4 43. Kd4 Kxf4 44. Kc5 e3 45. b5 axb5 46.
cxb5 Bxb5 47. Kxb5 e2 48. Kb6 e1=Q 49. Kxb7 Qxa5 0-1

[Event "Lienz Open"]
[Site "?"]
[Date "2001.02.11"]
[Round "2"]
[White "Grundner, Alois"]
[Black "Loidl, Florian"]
[Result "0-1"]
[WhiteElo "1890"]
[BlackElo "2161"]
[Annotator "Grundner"]
[PlyCount "115"]
[EventDate "2001.??.??"]

1. d4 Nf6 2. c4 c5 3. d5 e6 4. Nc3 exd5 5. cxd5 g6 6. e4 d6 7. Bd3 Bg7 8. Nge2
O-O 9. O-O Re8 10. f3 a6 11. a4 Qa5 12. Be3 Nbd7 13. Nc1 Qc7 14. Re1 Ne5 15.
Bf1 b6 16. Qd2 Nh5 17. Bh6 Bxh6 18. Qxh6 f5 19. Nd3 f4 20. Qg5 Qf7 21. Nxe5
Rxe5 22. Qd8+ Kg7 23. Qxd6 Qf6 24. Qxf6+ Nxf6 25. Rad1 g5 26. h3 Bb7 27. Rd2
Rd8 28. Red1 Rd6 29. Na2 h5 30. b4 Nd7 31. bxc5 Nxc5 32. Rc2 Bc6 33. Rd4 Bd7
34. a5 Nb3 35. Rb4 Nxa5 36. Bxa6 g4 37. hxg4 hxg4 38. fxg4 Bxg4 39. Rf2 Rf6 {
Mit diesem Zug bot Weiß remis, was Schwarz  ablehnte.} 40. Be2 Rg6 41. Nc3 Nb7
42. Bxg4 Rxg4 43. Rxb6 Nc5 44. Ra2 Re8 45. Ra7+ Kg8 46. d6 f3 47. d7 {?? Tb2
hält noch den Vorteil!} Rxg2+ 48. Kf1 Rf8 49. Rc6 Nb3 50. Ra2 Rxa2 51. Nxa2
Nd2+ 52. Kf2 Nxe4+ 53. Kf1 f2 54. Rc1 Nd2+ 55. Ke2 f1=Q+ 56. Rxf1 Nxf1 57. Nc3
Ng3+ 58. Kd3 {und Weiß gab gleichzeitig auf...} 0-1

[Event "Lienz Open"]
[Site "?"]
[Date "2001.02.13"]
[Round "5"]
[White "Vergeiner, Franz"]
[Black "Grundner, Alois"]
[Result "1-0"]
[WhiteElo "2125"]
[BlackElo "1890"]
[Annotator "Grundner"]
[PlyCount "127"]
[EventDate "2001.??.??"]

1. e4 c5 2. Nf3 d6 3. d4 cxd4 4. Nxd4 Nf6 5. f3 g6 6. c4 Bg7 7. Nc3 Nbd7 8. Be3
b6 9. Be2 Bb7 10. O-O O-O 11. Qd2 Rc8 12. Rac1 e6 {??} 13. Ndb5 d5 14. cxd5
exd5 15. Nd6 Rb8 16. Nxb7 Rxb7 17. Ba6 Rc7 18. Bf4 Rxc3 19. Rxc3 Nc5 20. Be2
dxe4 21. Rc2 Nd5 22. Rd1 Nd3 23. Bxd3 Bd4+ 24. Kh1 e3 25. Qe1 Nxf4 26. Bf1 Qf6
27. g3 Ne6 28. Qe2 Bc5 29. Rc4 Nd4 {?? Te8!} 30. Qxe3 Nxf3 31. Qf4 Qxf4 32.
Rxf4 Ne5 33. b4 Be7 34. Re4 f6 35. Rc1 Bd6 36. b5 Kg7 37. Rd1 Bb8 38. Red4 Bc7
39. Bc4 Kh6 40. Bd5 Re8 41. Bc6 Rf8 42. Kg2 Kg7 43. Bd7 Kh6 44. Rc1 Bb8 45. Be6
Re8 46. Rc8 Rxe6 47. Rxb8 Re7 48. Rc8 f5 49. h3 Nf7 50. Rc2 Ng5 51. Rh4+ Kg7
52. Rhc4 Re3 53. R4c3 Re4 54. Rc7+ Kh6 55. h4 Ne6 56. Rxa7 g5 {? Sc5!} 57. Rc6
Kh5 58. Rxh7+ Kg4 59. hxg5 Kxg5 60. Rd7 Re2+ 61. Kh3 Nc5 62. Rg7+ Kh5 63. Rgg6
f4 64. g4# 1-0

[Event "Lienz Open"]
[Site "?"]
[Date "2001.02.16"]
[Round "8"]
[White "Mascher, Klemens"]
[Black "Grundner, Alois"]
[Result "1-0"]
[WhiteElo "2015"]
[BlackElo "1890"]
[Annotator "Grundner"]
[PlyCount "110"]
[EventDate "2001.??.??"]

1. d4 Nf6 2. c4 g6 3. Nc3 Bg7 4. e4 d6 5. Be2 O-O 6. f4 c5 7. d5 e6 8. Nf3 exd5
9. cxd5 Re8 10. Qc2 a6 11. O-O b5 12. Nd2 b4 13. Nd1 Nxd5 14. Nc4 Bd4+ 15. Kh1
Nf6 16. Bf3 Ra7 17. Be3 Bxe3 18. Ndxe3 Nc6 19. Rad1 Nd4 20. Qd3 Rd7 21. Ng4 Nh5
22. Nh6+ Kg7 23. Bxh5 Kxh6 24. Bg4 Rc7 25. Qh3+ Kg7 26. f5 f6 27. Qg3 Rxe4 28.
Bh5 Nxf5 29. Rxf5 Rxc4 30. Rfd5 Qe7 31. h3 Re4 32. Rxd6 Qe5 33. Qxe5 Rxe5 34.
Bf3 c4 35. Rc1 a5 36. Bc6 Rc5 37. Ba4 Bf5 38. Bc2 Bxc2 39. Rxc2 f5 40. Ra6 c3
41. Kh2 Rd7 42. bxc3 bxc3 43. Rb6 Rd2 44. Rxd2 cxd2 45. Rd6 Rc2 46. a4 Kf7 47.
Kg3 Ke7 48. Rd4 Ke6 49. Kf4 h6 50. Ke3 d1=Q 51. Rxd1 Rxg2 52. Kf3 Ra2 53. Rd4
g5 54. h4 Ra3+ 55. Kg2 Ke5 {Weiß gab auf.} 1-0

[Event "1.Kl. Süd"]
[Site "?"]
[Date "2001.03.03"]
[Round "8"]
[White "Grundner, Alois"]
[Black "Rauchenbacher, Robert"]
[Result "0-1"]
[WhiteElo "1890"]
[BlackElo "1770"]
[PlyCount "62"]
[EventDate "2001.??.??"]

1. d4 d6 {Opening = A42 - Moderne Verteidigung mit c2-c4 /Modern Defence with
c2-c4} 2. c4 g6 3. Nc3 Bg7 4. e4 Nc6 5. Be3 e5 6. d5 {Weiß gewinnt Raum} Nce7
7. Bd3 Nf6 8. f3 {Deckt g4} Bd7 9. Qd2 a6 {Kontrolliert b5} 10. Nge2 O-O 11. h4
h5 12. Ng3 Kh7 13. O-O Nfg8 14. f4 $15 (14. Qf2 Bh6 $11) 14... exf4 $11 (14...
Nc8 15. Bf2 $15) 15. Bxf4 ({Schwächer scheint} 15. Rxf4 Be5 $17) 15... Bd4+ 16.
Kh1 $17 (16. Be3 $5 {bedarf näherer Analyse} Bf6 17. Bg5 Bd4+ 18. Be3 $11)
16... Nxd5 {Es droht Matt} 17. Bg5 Nde7 18. Nd5 f6 19. Bf4 Be5 20. c5 $19 (20.
Ne2 $5 $17) 20... Nxd5 $17 (20... dxc5 21. Rac1 $19) 21. exd5 f5 22. Bg5 Nf6
23. Nxf5 Bxf5 24. Rxf5 $2 $19 (24. Bxf5 $142 gxf5 25. Rxf5 $17) 24... Qd7 $4
$14 {vergibt den sicheren Gewinn} (24... gxf5 $142 {entschiede die Partie
sofort} 25. Rf1 Kg8 (25... dxc5 26. Rxf5 Kg8 27. Rxe5 $14) 26. Rxf5 Qe7 $19)
25. Bxf6 $15 (25. Qc2 $5 {muß unbedingt geprüft werden} Kg7 26. c6 bxc6 27.
dxc6 $11) 25... gxf5 (25... Bxf6 $4 {Schwarz muß den Läufer stehen lassen} 26.
Rxh5+ Kg7 27. c6 $18) ({Weniger gut ist} 25... Rxf6 26. Rxh5+ Kg8 27. Qg5 $16)
26. Qg5 $4 $19 (26. Bxe5 $142 {war noch möglich} dxe5 27. Qg5 $15) 26... Rxf6
27. Qxh5+ (27. cxd6 {nützt auch nichts mehr} cxd6 (27... Bxb2 $143 28. Rb1 Be5
29. Re1 Qxd6 30. Rf1 $19) 28. Rf1 Raf8 29. Qxh5+ Kg8 $19) 27... Kg7 28. Rf1 (
28. c6 {macht keinen großen Unterschied} bxc6 29. dxc6 Qe8 30. Qg5+ Qg6 31.
Qxg6+ Rxg6 (31... Kxg6 $143 32. g4 $19) 32. Bxf5 Rh6 $19) 28... Rh8 29. Qg5+
Rg6 {Droht Matt: Txg5} 30. Qe3 (30. Bxf5 {würde die Partie noch etwas
verlängern} Rxg5 31. Bxd7 Rxh4+ 32. Bh3 dxc5 33. b3 $19) 30... Rxh4+ 31. Kg1
Bd4 {Droht Matt} (31... Bd4 32. Qxd4+ $5 Rxd4 33. Bxf5 Qe7 34. Be6 Rxg2+ 35.
Kxg2 Qg5+ 36. Kh2 Rd2+ 37. Kh3 Qg2+ 38. Kh4 Rd4+ 39. Rf4 Rxf4+ 40. Kh5 Qg6#)
0-1